| 000 | 01133nam a2200349 4500 | ||
|---|---|---|---|
| 001 | 421312 | ||
| 003 | DO-SdBPM | ||
| 005 | 20251029111539.0 | ||
| 007 | ta | ||
| 008 | 000105s1999 sp | ||| ||spa | ||
| 020 | _a8481301779 | ||
| 040 |
_aDO-SdBPM _bspa _cBPMSU _erda |
||
| 041 | _aspa | ||
| 082 | 4 |
_a144 _bR851e 1999 _222 |
|
| 100 | 1 |
_aErasmus, Desiderius _d1467-1536 _eautor |
|
| 240 | 1 | 0 |
_aMoriae encomium _lEspañol |
| 245 | 1 | 0 |
_aElogio de la locura / _cErasmo de Rotterdam ; traducción de Teresa Suero Roca ; prólogo de Fernando Arrabal |
| 260 |
_aMadrid : _bMilenium _c1999 |
||
| 300 |
_a128 p. _c22 cm |
||
| 336 |
_atexto _btxt _2rdacontent |
||
| 337 |
_asin mediación _bn _2rdamedia |
||
| 338 |
_avolumen _bnc _2rdacarrier |
||
| 490 | 0 | _aMileniun, Las 100 joyas del milenio | |
| 534 |
_pTítulo original. _t Encomium moriae. |
||
| 590 | _aInventariado, 2025/VM | ||
| 650 | 7 |
_aHumanismo _vEnsayos, conferencias, etc.. _x |
|
| 650 | 7 | _aLocura. | |
| 700 | 1 |
_aSuero Roca, Teresa _etraductora |
|
| 700 | 1 |
_aSuero Roca, Teresa _eprólogo |
|
| 910 | _aVMateo V. Control de calidad. BPMSU | ||
| 942 |
_2ddc _cBK |
||
| 999 |
_c8552 _d8552 |
||